[Event "St Petersburg op"]
[Site "St Petersburg"]
[Date "1994.??.??"]
[Round "6"]
[White "Serper, Grigory"]
[Black "Nikolaidis, Ioannis"]
[Result "1-0"]
[WhiteElo "2560"]
[BlackElo "2410"]

1.c4 c6 2.e4 e5 3.Nf3 d6 4.d4 Nd7 5.Nc3 h6 6.Be2 Qf6 7.O-O Ne7 8.b4 g5 9.d5 cxd5
10.Nb5 Kd8 11.cxd5 a6 12.Qa4 Ng6 13.Be3 Nf4 14.Rfe1 g4 15.Nd2 h5 16.Qa5+ Ke7
17.Nc4 axb5 18.Qxa8 Bh6 19.Nd2 Rg8 20.Bxb5 h4 21.Bxd7 g3 22.Bxc8 gxf2+ 23.Kh1 Qg6
24.Qxb7+ Kf6 25.Rg1 Ne2 26.Bxf2 Qh5 27.Nf3 Rg3 28.Qa6 Nxg1 29.Qxd6+ Kg7 30.Qxe5+ Qxe5
31.Nxe5 Rc3 32.Bg4  1-0

[Event "SVK-chT"]
[Site "?"]
[Date "1994.??.??"]
[Round "10"]
[White "Ruckschloss, Karol"]
[Black "Hyll, Jan"]
[Result "1-0"]
[WhiteElo "2285"]
[BlackElo "2100"]

1.c4 c6 2.d4 d5 3.Nc3 Nf6 4.e3 Bg4 5.Qb3 Qb6 6.f3 Be6 7.c5 Qc7 8.Qc2 Bc8
9.f4 g6 10.Bd3 a5 11.Bd2 Na6 12.a3 e6 13.Na4 Nd7 14.Nf3 Be7 15.g4 Nab8 16.h4 b5
17.cxb6 Nxb6 18.h5 Rg8 19.hxg6 hxg6 20.Ne5 N6d7 21.Rc1 Nxe5 22.fxe5 Ba6 23.e4 Bxd3
24.Qxd3 Qd8 25.Rh7 Bg5 26.Qf3 Rf8 27.exd5 Bxd2+ 28.Kxd2 Qxd5 29.Qxd5 exd5
30.Nb6 Ra6 31.Nc8 Kd7 32.Nd6 Ke6 33.Rf1 Ra7 34.Rf6+  1-0

[Event "SVK-chT"]
[Site "?"]
[Date "1994.??.??"]
[Round "14"]
[White "Pereszlenyi, G."]
[Black "Blaho, Stefan"]
[Result "1/2-1/2"]
[WhiteElo "2090"]
[BlackElo "2170"]

1.c4 c6 2.g3 Nf6 3.Bg2 d5 4.cxd5 cxd5 5.Nf3 Nc6 6.O-O e6 7.a3 Be7 8.b4 O-O
9.Bb2 Qb6 10.Nc3 Bd7 11.Rc1 Rfc8 12.d3 Be8 13.Qd2 Rc7 14.Na4 Qb5 15.Nc3 Qb6
16.Na4 Qa6 17.Nc5 Qb5 18.Nd4 Nxd4 19.Bxd4 a5 20.Be5 Rcc8 21.d4 b6 22.Nd3 axb4
23.axb4 Ne4 24.Qb2 Nd6 25.Bxd6 Bxd6 26.Rfd1 Rc4 27.Bf1 Rac8 28.e3 Qa4 29.Ra1 Qc2
30.Qxc2 Rxc2 31.Ra6 Rb8 32.Rda1 Kf8 33.Ra8 Rcc8 34.Rxb8 Rxb8 35.Ra7 Bb5 36.Ne5 Bxe5
37.Bxb5 Bd6 38.Ra4 Ke7 39.Bc6 Rc8 40.b5 Kd8 41.Ra7 Bc7 42.Kf1 Ke7 43.Ke2 Kd6
44.Kd3 g5 45.f3 h5 46.h3 f5 47.e4 fxe4+ 48.fxe4 dxe4+ 49.Kxe4 Rf8 50.Ra3 h4
51.Rf3 Rxf3 52.Kxf3 hxg3 53.Kxg3 e5 54.d5 e4 55.Kg4 Bd8 56.Kg3 Bf6 57.Kf2 Be7
58.Ke3 Ke5 59.d6 Bxd6 60.Bxe4 Bc5+ 61.Kd3 Kf4 62.Bc6 Bg1  1/2-1/2

[Event "SWE-chT 9394"]
[Site "SWE"]
[Date "1994.??.??"]
[Round "6"]
[White "Cramling, Dan"]
[Black "Barkhagen, Jonas"]
[Result "1-0"]
[WhiteElo "2420"]
[BlackElo "2410"]

1.c4 c6 2.e4 d5 3.exd5 cxd5 4.cxd5 Nf6 5.Nc3 Nxd5 6.Nf3 Nc6 7.d4 g6 8.Qb3 Nxc3
9.Bc4 Nd5 10.Bxd5 e6 11.Bxc6+ bxc6 12.O-O Qd5 13.Qxd5 cxd5 14.Bf4 f6 15.Rac1 g5
16.Bg3 h5 17.h3 Rh7 18.Rc2 Rb7 19.h4 g4 20.Nd2 Bd7 21.f3 gxf3 22.Rxf3 Rc8
23.Rxc8+ Bxc8 24.Rb3 Rb6 25.Rxb6 axb6 26.Bc7 b5 27.Kf2 Kf7 28.Nf1 b4 29.Ng3 Ba6
30.Nxh5 Bc4 31.b3 Bd3 32.Ke3 Bb1 33.Kd2 e5 34.dxe5 Bh6+ 35.Kd1 Bxa2 36.Kc2 d4
37.Nf4 Bxf4 38.e6+ Kxe6 39.Bxf4 Kf5 40.g3 d3+ 41.Kb2  1-0

[Event "SWE-chT 9394"]
[Site "SWE"]
[Date "1994.??.??"]
[Round "7"]
[White "Pepic, Rizo"]
[Black "Barkhagen, Jonas"]
[Result "0-1"]
[WhiteElo "2285"]
[BlackElo "2410"]

1.c4 c6 2.d4 d5 3.cxd5 cxd5 4.Nf3 Nc6 5.Nc3 Nf6 6.e3 Bf5 7.Bd3 Bxd3 8.Qxd3 e6
9.a3 Rc8 10.b4 a5 11.b5 Nb4 12.axb4 Rxc3 13.Qxc3 Bxb4 14.Qxb4 axb4 15.Bd2 O-O
16.Bxb4 Re8 17.O-O Qb6 18.Ra5 Ne4 19.Rfa1 f6 20.Ne1 Qc7 21.f3 Qc4 22.R5a4 Nc3
23.Bxc3 Qxc3 24.R4a3 Qb2 25.Nd3 Qxb5 26.f4 b6 27.Rc1 h5 28.Rc7 Rd8 29.Kf2 Rd7
30.Rc8+ Kh7 31.h3 Rb7 32.g4 Qd7 33.Raa8 hxg4 34.f5 exf5 35.Rh8+ Kg6 36.Raf8 f4
37.Nxf4+ Kf5 38.h4 Qa4 39.Rh5+ Ke4 40.Nxd5 Kd3 41.Rc8 g5 42.Rc3+ Kd2 43.hxg5 Qd1
44.Rh2 Qe1+ 45.Kg2 g3  0-1

[Event "SWZ-chT"]
[Site "SWZ"]
[Date "1994.??.??"]
[Round "1"]
[White "Hirzel, Rene"]
[Black "Neuenschwander, Beat"]
[Result "1/2-1/2"]
[WhiteElo "2185"]
[BlackElo "2275"]

1.c4 c6 2.Nf3 Nf6 3.g3 d5 4.Bg2 Bg4 5.Ne5 Bf5 6.O-O e6 7.d4 Be7 8.Nc3 O-O
9.Qb3 Qb6 10.c5 Qxb3 11.axb3 Nfd7 12.Nf3 e5 13.Be3 f6 14.Rfc1 Be6 15.b4 Na6
16.Ra4 Nc7 17.Rd1 h6 18.Nd2 a6 19.Nb3 g5 20.f3 Rab8 21.Raa1 Kh7 22.Kh1 Kg7
23.Kg1 Rh8 24.Rac1 Rhf8 25.Rf1 Rf7 26.f4 exf4 27.gxf4 f5 28.Nd2 g4 29.Bf2 Bf6
30.e3 Nf8 31.Ne2 Kh7 32.Ng3 Bh4 33.Rfe1 Ng6 34.Bf1 Re8 35.Bd3 Bxg3 36.hxg3 Bc8
37.Kg2 Kg7 38.Rh1 Nh8 39.Kf1 Re6 40.Ke2 Ne8 41.Rh5 Ref6 42.Rch1 Rf8 43.Nb3 Ng6
44.Bc2 Rh8 45.Nc1 Rff8 46.Nd3 Nf6 47.R5h2 Ne4  1/2-1/2

[Event "SWZ-chT"]
[Site "SWZ"]
[Date "1994.??.??"]
[Round "2"]
[White "Hirzel, Rene"]
[Black "Brunner, W."]
[Result "1/2-1/2"]
[WhiteElo "2185"]
[BlackElo "2120"]

1.c4 c6 2.Nf3 d5 3.b3 Bg4 4.Bb2 Nd7 5.Qc2 Ngf6 6.d3 e6 7.Nbd2 Bd6 8.g3 O-O
9.Bg2 Qe7 10.O-O Ba3 11.Rad1 a5 12.Ba1 a4 13.e4 axb3 14.axb3 Nc5 15.Rfe1 Rfd8
16.Bc3 Bxf3 17.Bxf3 d4  1/2-1/2

[Event "SWZ-chT"]
[Site "SWZ"]
[Date "1994.??.??"]
[Round "3"]
[White "Kraehenbuehl, Gerhard"]
[Black "Domont, Alexandre"]
[Result "1/2-1/2"]
[WhiteElo "2260"]
[BlackElo "2305"]

1.c4 c6 2.e4 d5 3.exd5 cxd5 4.d4 Nf6 5.Nc3 Be6 6.c5 Nc6 7.Nf3 g6 8.Bb5 Bg7
9.O-O O-O 10.h3 Qc7 11.Re1 Ne4 12.Nxe4 dxe4 13.Rxe4 Bd5 14.Bxc6 bxc6 15.Bf4 Qb7
16.Re2 Rad8 17.Qe1 Bxf3 18.gxf3 Rxd4 19.Rxe7 Qc8 20.Bg3 Rd5 21.Kg2 Rxc5 22.Rxa7 Rh5
23.h4 Bxb2 24.Rb1 Re8 25.Re7 Rxe7 26.Qxe7 Rb5 27.Qe2 Qb7 28.a4 Rb3 29.Qe8+ Kg7
30.Rxb2 Rxb2 31.Be5+ f6 32.Bxb2 Qxb2 33.Qxc6 Qd4 34.Qc7+ Kh6 35.a5 Qa4 36.Qb6 Qxh4
37.a6 Qg5+ 38.Kf1 Qc1+ 39.Kg2 Qg5+ 40.Kf1 Qc1+ 41.Ke2 Qc2+ 42.Ke3 Qc3+ 43.Ke2  1/2-1/2

[Event "SWZ-chT"]
[Site "SWZ"]
[Date "1994.??.??"]
[Round "7"]
[White "Hammer, Peter"]
[Black "Neuenschwander, Beat"]
[Result "1/2-1/2"]
[WhiteElo "2230"]
[BlackElo "2275"]

1.c4 c6 2.Nf3 Nf6 3.g3 d5 4.cxd5 cxd5 5.Bg2 Nc6 6.d4 e6 7.O-O Be7 8.b3 O-O
9.Bb2 b6 10.Ne5 Bb7 11.Nd2 Rc8 12.Nd3 Nb4 13.Nxb4 Bxb4 14.a3  1/2-1/2

[Event "SWZ-chT"]
[Site "SWZ"]
[Date "1994.??.??"]
[Round "8"]
[White "Hirzel, Rene"]
[Black "Domont, Alexandre"]
[Result "0-1"]
[WhiteElo "2185"]
[BlackElo "2305"]

1.c4 c6 2.Nf3 d5 3.g3 dxc4 4.Qc2 b5 5.a4 Bb7 6.b3 cxb3 7.Qxb3 e6 8.axb5 cxb5
9.Qxb5+ Bc6 10.Qc4 Nf6 11.Nc3 Be7 12.Bg2 O-O 13.O-O a6 14.d3 Nd5 15.Ne4 Bb5
16.Qb3 Nc6 17.Ba3 Rb8 18.Bxe7 Qxe7 19.Rfc1 h6 20.Nc3 Nxc3 21.Qxc3 e5 22.Rab1 Qe6
23.Qb3 Qd6 24.Qa2 Rfe8 25.Nd2 Nd4 26.Ne4 Qe7 27.Nc3 Kh8 28.e3 Ne6 29.Nxb5 axb5
30.Qd5 f6 31.Rxb5 Nc7 32.Rxb8 Nxd5 33.Rxe8+ Qxe8 34.Bxd5 Qd7 35.Bc4 g5 36.Ra1 Kg7
37.Ra6 h5 38.Ra8 Kh7 39.Rf8 Qd6 40.Rf7+ Kg6 41.Ra7 Qb6 42.Ra6 Qb1+ 43.Kg2 Qb7+
44.e4 g4 45.h4 gxh3+ 46.Kxh3 Qc8+ 47.Re6 Kg5 48.Kg2 Qd8 49.Bd5 h4 50.Ra6 hxg3
51.Ra8 Qd6 52.Rg8+ Kh6 53.Rxg3 f5 54.Rh3+ Kg7 55.Rg3+ Kf8 56.Rg8+ Ke7 57.Rg7+ Kd8
58.Rg5 f4 59.Kf3 Kc7 60.Ke2 Kb6 61.Rg1 Qb4 62.Rg6+ Kb5 63.Bc4+ Kc5 64.Re6 Kd4
65.Ra6 Qb2+ 66.Kf3 Qb1 67.Kg2 Qd1 68.Ra8 Qg4+ 69.Kh2 Kc3 70.Rg8 Qh5+ 71.Kg1 Kd2
72.Rg7 Qd1+ 73.Kh2 Qh5+ 74.Kg1 Ke1  0-1

[Event "SWZ-chT"]
[Site "SWZ"]
[Date "1994.??.??"]
[Round "9"]
[White "Zuelle, Bruno"]
[Black "Robert, Antonin"]
[Result "0-1"]
[WhiteElo "2035"]
[BlackElo "2220"]

1.c4 c6 2.Nf3 d5 3.b3 Nf6 4.g3 g6 5.Bb2 Bg7 6.d3 O-O 7.Bg2 Qb6 8.Qc2 Bg4
9.Nbd2 Nbd7 10.O-O Bxf3 11.Nxf3 e6 12.e3 h6 13.Ne5 Nxe5 14.Bxe5 Ne8 15.Bxg7 Nxg7
16.Rac1 Rfe8 17.cxd5 exd5 18.d4 Nf5 19.Rfe1 Re7 20.Bf1 Rae8 21.Qc3 h5 22.Bd3 Nd6
23.Qc5 Re6 24.Qxb6 axb6 25.a4 Ra8 26.Rc2 f5 27.h4 Kf7 28.Kg2 Ke7 29.Ra1 Kd7
30.Kf3 Ne4 31.Bxe4 fxe4+ 32.Ke2 Rf6 33.Rg1 Raf8 34.Rg2 Ke6 35.Rc1 Kf5 36.Rcg1 Kg4
37.Rh2 Ra8 38.Ra1 Rff8 39.Rhh1 Ra5 40.b4 Ra7 41.Ra2 Rfa8 42.Rha1 Kf5 43.Kd2 g5
44.hxg5 Kxg5 45.Kc3 Rh8 46.Kb3 Rf8 47.Rc1 Rf6 48.Rd2 Ra8 49.b5 Raf8 50.bxc6 bxc6
51.Rdc2 Rxf2 52.Rxc6 R8f6 53.Rc8 Kg4 54.Rg8+ Kf3 55.Rg5 Kxe3 56.Rxd5 Rd2
57.Re1+ Re2 58.Rxe2+ Kxe2 59.Rxh5 Kd3 60.d5 e3 61.Re5 e2 62.Kb4 Rg6 63.Kb5 Kd2
64.a5 bxa5 65.Kxa5 Rg5 66.Rxg5 e1=Q 67.d6 Qe6 68.Rb5 Qxd6 69.g4 Qc7+ 70.Ka4 Qa7+
71.Kb3 Qe3+ 72.Ka4 Qe4+ 73.Rb4 Qa8+ 74.Kb3 Kd3 75.Kb2 Qa5 76.Rb3+ Kd2 77.Ra3 Qb4+
78.Rb3 Qxg4 79.Ra3 Qc4 80.Rb3 Qa4 81.Ra3 Qc2+ 82.Ka1 Kc1 83.Rb3 Qc5 84.Ka2 Qd5
85.Ka3 Qa5+  0-1

[Event "Czerniak mem"]
[Site "Tel Aviv"]
[Date "1994.??.??"]
[Round "1"]
[White "Kaspi, Alexander"]
[Black "Shabtai, Ran"]
[Result "1/2-1/2"]
[WhiteElo "2420"]
[BlackElo "2260"]

1.c4 c6 2.d4 d5 3.Nf3 e6 4.Nc3 Nf6 5.Bg5 Nbd7 6.cxd5 exd5 7.e3 Be7 8.Bd3 Nf8
9.Qc2 Bg4 10.Ne5 Bh5 11.O-O Ne6 12.Bh4 Bg6 13.f4 Bxd3 14.Qxd3 Nd7 15.Bg3 Nxe5
16.dxe5 Nc5 17.Qe2 f5 18.exf6 Bxf6 19.e4 Bxc3 20.exd5+ Qe7 21.Qxe7+ Kxe7
22.bxc3 cxd5 23.Bf2 Ne4 24.Bd4 Kf7 25.Rfb1 b6 26.a4 Rac8 27.a5 Nxc3 28.Bxc3 Rxc3
29.axb6 axb6 30.Ra7+ Kg6 31.Rxb6+ Kf5 32.Rf7+ Kg4 33.Rb2 g5 34.Rd2 Rhc8 35.fxg5 Rc1+
36.Kf2 R8c2 37.Ke2 Rxd2+ 38.Kxd2 Rg1 39.Rxh7 Rxg2+ 40.Ke3 Kf5 41.h4 Rg1 42.Kf3 Rf1+
43.Kg3 Rg1+ 44.Kf2 Ra1 45.Ke3 Ra4 46.Rh6 d4+ 47.Kd3 Ke5 48.Rh8 Ra3+ 49.Ke2 Kf5
50.Rf8+ Kg6 51.Rf6+ Kg7 52.Rd6 Re3+ 53.Kf2 Rd3 54.Kg2 Rd2+ 55.Kg3 d3 56.h5 Rd1
57.Rd7+ Kg8 58.g6 d2 59.Kh2 Re1 60.Rxd2 Re5 61.Rd8+ Kg7 62.Rd7+ Kg8 63.Rh7 Rg5
64.Kh3 Rg1 65.Kh4 Rg2 66.Rb7 Rg1 67.Rb4 Kg7 68.Rb7+ Kg8 69.Kh3 Rg5 70.Rh7 Rg1
71.Rc7 Rg5 72.Kh4 Rg1 73.Rc3 Kg7 74.Rg3 Ra1 75.Kh3 Ra7 76.Rf3 Kh6 77.Kg4 Ra5
78.Rh3 Ra4+ 79.Kf5 Ra5+ 80.Ke6 Ra6+ 81.Kd5 Ra5+ 82.Kc6 Ra8 83.Kb7 Rd8 84.Kc7 Ra8
85.Rh1 Ra7+  1/2-1/2

[Event "ISR-ch"]
[Site "Tel Aviv"]
[Date "1994.??.??"]
[Round "3"]
[White "Psakhis, Lev"]
[Black "Lev, Ronen"]
[Result "1/2-1/2"]
[WhiteElo "2605"]
[BlackElo "2495"]

1.c4 c6 2.e4 d5 3.exd5 cxd5 4.d4 Nf6 5.Nc3 g6 6.cxd5 Nxd5 7.Bc4 Nb6 8.Bb3 Bg7
9.Nf3 O-O 10.O-O Nc6 11.d5 Na5 12.Bg5 h6 13.Bf4 Nxb3 14.Qxb3 e6 15.d6 Bd7
16.Ne5 Rc8 17.Rfd1 Rc5 18.Nxd7 Qxd7 19.Be3 Rc6 20.Ne4 Qc8 21.Bxb6 axb6 22.d7  1/2-1/2

[Event "Tel Aviv ASA"]
[Site "Tel Aviv"]
[Date "1994.??.??"]
[Round "9"]
[White "Rechlis, Gad"]
[Black "Bykhovsky, Avigdor"]
[Result "1/2-1/2"]
[WhiteElo "2510"]
[BlackElo "2460"]

1.c4 c6 2.d4 d5 3.Nc3 Nf6 4.Nf3 a6 5.g3 b5 6.c5 g6 7.Bg2 Bg7 8.O-O Nbd7 9.Bf4 O-O
10.a3 Nh5 11.Qc1 Nxf4 12.Qxf4 e5 13.dxe5 Nxc5 14.Rad1 Ne6 15.Qc1 Qb6 16.b4 Rd8
17.Rd3 Bb7 18.Rfd1 a5 19.Bh3 axb4 20.axb4 Re8 21.e4 Nc7 22.Qf4 Re7 23.exd5 cxd5
24.Qd4 Qc6 25.Ne2 Qe8 26.Rc3 Rxe5 27.Rxc7 Rxe2 28.Qb6 Bc8 29.Bxc8 Rxc8 30.Rxc8 Qxc8
31.Rxd5 Re8 32.Qxb5 Bf8 33.Rd7 Qa8 34.Kg2 Re4 35.Qa5 Qe8 36.Rd8 Qe7 37.b5 Re2
38.Qa8 Kg7 39.Qd5 Qe3 40.Qd4+ Qxd4 41.Nxd4 Rb2 42.Rd7 Kf6 43.Rb7 Bc5 44.Nc6 Rxf2+
45.Kh3 Rb2 46.Nd8 Be7 47.Nc6 Bc5 48.Nd8 Be7  1/2-1/2

[Event "Terrassa op"]
[Site "Terrassa"]
[Date "1994.??.??"]
[Round "2"]
[White "Ubach, Marcelo"]
[Black "Magem Badals, Jorge"]
[Result "1/2-1/2"]
[WhiteElo "2310"]
[BlackElo "2520"]

1.c4 c6 2.Nf3 d5 3.b3 Bg4 4.e3 Nd7 5.h3 Bh5 6.Bb2 e6 7.d4 Bxf3 8.Qxf3 Qa5+
9.Nd2 Ba3 10.Bxa3 Qxa3 11.Bd3 Ngf6 12.O-O O-O 13.e4 dxe4 14.Nxe4 Rfd8 15.Rfd1 Nxe4
16.Qxe4 Nf6 17.Qe3 Rd7 18.Rd2 Rad8 19.Rad1 a5 20.Be2 h6 21.Qe5 Qb4 22.Rd3 a4
23.Bf3 axb3 24.axb3 Ra8 25.g4 Ra5 26.Qb8+ Qf8 27.Qxf8+ Kxf8 28.Kf1 g5 29.Ke2 e5
30.dxe5 Rxe5+ 31.Re3 Rxd1 32.Kxd1 Rxe3 33.fxe3 Nd7 34.Kd2 Ne5 35.Be4 b6 36.Kc3 Ke7
37.Kd4 Kd6 38.Bg2 c5+ 39.Ke4 Ke6 40.Bf1 Nd7 41.Be2 Ne5 42.Bd1 f6 43.Bc2 Nf7
44.Kf3 Nd6 45.Bd3 Ke5 46.Bc2 Ne8 47.Bb1 Ng7 48.Bc2 f5 49.gxf5 Nxf5 50.Bd3 h5
51.Bb1 Nh4+ 52.Kg3 Kf6 53.Bd3 Nf5+ 54.Kf3 Nd6 55.Bb1 Ne8 56.Bd3 Ke5 57.Bc2 Nf6
58.Bg6 Ke6 59.Kg3 Kd6 60.Kf2 Ke6 61.Kg3 Ke5 62.Kf3 Ke6 63.Kg3 Kd6 64.Kf2 Ke6
65.Kg3 Ke5  1/2-1/2

[Event "Tilburg rapid20"]
[Site "Tilburg"]
[Date "1994.??.??"]
[Round "2"]
[White "Timman, Jan H"]
[Black "Khenkin, Igor"]
[Result "1-0"]
[WhiteElo "2635"]
[BlackElo "2580"]

1.c4 c6 2.e4 d5 3.exd5 cxd5 4.cxd5 Nf6 5.Nc3 Nxd5 6.Nf3 Nc6 7.Bc4 Nb6 8.Bb3 g6
9.d4 Bg7 10.d5 Na5 11.O-O O-O 12.Re1 Bg4 13.h3 Bxf3 14.Qxf3 Re8 15.Rd1 Rc8
16.d6 Nxb3 17.axb3 exd6 18.Rxa7 Rb8 19.Rxb7 Rxb7 20.Qxb7 d5 21.Bf4 Re7 22.Qa6 Re6
23.Nxd5 Nxd5 24.Qc4 Qh4 25.Rxd5 Bxb2 26.Be3 Qxc4 27.bxc4 Rc6 28.Bd4 Bxd4
29.Rxd4 Kf8 30.Kf1 Re6 31.f3 Re3 32.Kf2 Rc3 33.g4 Ke7 34.Re4+ Kd6 35.g5 Kd7
36.h4 Kd6 37.Kg3 Kd7 38.Kg4 Kd6 39.Kf4 Rc1 40.Ke3 Rc3+ 41.Ke2 Kd7 42.Rf4 Ke6
43.Kd2 Ra3 44.Ke2 Rc3 45.Kf2 Ke7 46.Kg3 Ke6 47.h5 gxh5 48.Kh4 Rc1 49.Kxh5 Rh1+
50.Rh4 Rg1 51.Kh6 Kf5 52.Rd4 Rh1+ 53.Kg7 Kxg5 54.Kxf7  1-0

[Event "Timisoara"]
[Site "Timisoara"]
[Date "1994.??.??"]
[Round "6"]
[White "Jelic, Goran"]
[Black "Somlai, Laszlo"]
[Result "0-1"]
[WhiteElo "2295"]
[BlackElo "2375"]

1.c4 c6 2.Nf3 d5 3.d4 Nf6 4.Qc2 dxc4 5.Qxc4 Bf5 6.g3 e6 7.Bg2 Be7 8.O-O O-O
9.b3 Nbd7 10.Ba3 Bxa3 11.Nxa3 a5 12.Ne5 Qe7 13.Qc1 Rfd8 14.Nac4 a4 15.Nxd7 Nxd7
16.e4 Bg6 17.e5 axb3 18.axb3 Bd3 19.Rd1 Be2 20.Re1 Rxa1 21.Qxa1 Bxc4 22.bxc4 Qb4
23.Rb1 Qxc4 24.Bf1 Qd5 25.Bg2 Qc4 26.Bf1 Qd5 27.Rxb7 c5 28.Qa5 Nf8 29.dxc5 Rc8
30.Rc7 Ra8 31.Ra7 Rc8 32.Rc7 Qd8 33.Rxc8 Qxa5 34.c6 g5 35.c7 Kg7 36.Rxf8 Qxc7
37.Ra8 Qxe5 38.Ra4 h5 39.h4 g4 40.Rb4 f5 41.Ra4 Qc5 42.Rc4 Qb6 43.Ra4 e5
44.Bd3 f4 45.Kg2 Qc6+ 46.Re4 Qc3 47.gxf4 Qxd3 48.Rxe5 Qh3+ 49.Kg1 Qxh4 50.Kg2 Qh3+
51.Kg1 h4  0-1

[Event "JUG-ch"]
[Site "Tivat"]
[Date "1994.??.??"]
[Round "9"]
[White "Barlov, Dragan"]
[Black "Matulovic, Milan"]
[Result "0-1"]
[WhiteElo "2500"]
[BlackElo "2460"]

1.c4 c6 2.d4 Nf6 3.e3 g6 4.Nc3 Bg7 5.Nf3 O-O 6.Be2 d6 7.Qc2 Bf5 8.Qd1 Ne4
9.Nxe4 Bxe4 10.O-O Bxf3 11.Bxf3 e5 12.b3 Re8 13.Rb1 a5 14.Qd2 Nd7 15.Ba3 exd4
16.exd4 Nb6 17.Rfe1 Rxe1+ 18.Rxe1 a4 19.Bb4 axb3 20.axb3 d5 21.Be7 Qc7 22.c5 Nd7
23.Bd6 Qd8 24.h3 Qf6 25.Re7 Nf8 26.Rxb7 Qxd4 27.Qxd4 Bxd4 28.b4 Ne6 29.Rb8+ Rxb8
30.Bxb8 Bc3 31.b5 cxb5 32.c6 Ba5 33.Bxd5 Bc7 34.Ba7 Kf8 35.Kf1 Ke7 36.Ke2 Nf4+
37.Kf3 Nxd5 38.Bc5+ Ke6  0-1

[Event "Val Thorens Principal"]
[Site "Val Thorens"]
[Date "1994.??.??"]
[Round "5"]
[White "Bellemo, Luca"]
[Black "Guigon, Olivier"]
[Result "1-0"]
[WhiteElo "2240"]
[BlackElo "1910"]

1.c4 c6 2.Nf3 d5 3.g3 Nf6 4.Bg2 Bg4 5.O-O e6 6.b3 Nbd7 7.Bb2 Bc5 8.d4 Bd6
9.Nc3 Qe7 10.Qd2 Bh5 11.Rfe1 Bb4 12.a3 Ne4 13.Qc1 Bxc3 14.Bxc3 Nxc3 15.Qxc3 Bxf3
16.Bxf3 Nf6 17.Bg2 O-O 18.b4 Rfe8 19.Rac1 a6 20.h3 dxc4 21.Qxc4 e5 22.e4 Rad8
23.d5 cxd5 24.exd5 Rd6 25.f4 e4 26.Bxe4 Nxe4 27.Rxe4 Qd8 28.Re5 Kf8 29.Qc5 Qb6
30.Qxb6 Rxb6 31.Rxe8+ Kxe8 32.Kf2 Rb5 33.Rd1 Kd7 34.Ke3 Kd6 35.Ke4 a5 36.Rd4 h5
37.g4 hxg4 38.hxg4 g6 39.f5 gxf5+ 40.gxf5 f6 41.bxa5 Rxa5 42.a4 b5 43.axb5 Rxb5
44.Ra4 Rb6 45.Kd4 Kc7 46.Kc5 Kb7 47.Rb4 Rxb4 48.Kxb4  1-0

[Event "Balkaniad"]
[Site "Varna"]
[Date "1994.??.??"]
[Round "5"]
[White "Badea, Bela"]
[Black "Kosic, Dragan"]
[Result "1/2-1/2"]
[WhiteElo "2435"]
[BlackElo "2525"]

1.c4 c6 2.Nf3 d5 3.g3 Nf6 4.Bg2 e6 5.Qc2 Nbd7 6.O-O Bd6 7.d4 O-O 8.Nbd2 Qe7
9.b3 e5 10.dxe5 Nxe5 11.Bb2  1/2-1/2

[Event "Wattens op"]
[Site "Wattens"]
[Date "1994.??.??"]
[Round "7"]
[White "Enigl, Karl"]
[Black "Schmied, Roman"]
[Result "1/2-1/2"]
[WhiteElo "2135"]
[BlackElo "1915"]

1.c4 c6 2.Nf3 d5 3.b3 Bf5 4.g3 Nf6 5.Bg2 e6 6.O-O Nbd7 7.Bb2 Bd6 8.d3 Qe7
9.Nbd2 O-O 10.Re1 Bg4 11.d4 Bxf3 12.Bxf3 Rfe8 13.e4 Nxe4 14.Nxe4 dxe4 15.Bxe4 Nf6
16.Bg2 Ba3 17.Bc3 Bb4 18.Qd2 Bxc3 19.Qxc3 Qc7 20.Rad1 Rad8 21.b4 Rd7 22.a4 Red8
23.Bf3 Rd6 24.c5 R6d7 25.b5 Nd5 26.Qc4 Qa5 27.bxc6 bxc6 28.Re5 g6 29.Kg2 Rb7  1/2-1/2

[Event "Werfen op"]
[Site "Werfen"]
[Date "1994.??.??"]
[Round "?"]
[White "Lada, Ireneusz"]
[Black "Braun, Christian"]
[Result "1/2-1/2"]
[WhiteElo "1950"]
[BlackElo "2180"]

1.c4 c6 2.Nf3 d5 3.b3 Nf6 4.Bb2 Bg4 5.Ne5 Bh5 6.h3 Nbd7 7.d3 e6 8.g4 Nxe5
9.Bxe5 Bg6 10.Nd2 Qa5 11.Bb2 Ba3 12.Qc2 Bxb2 13.Qxb2 dxc4 14.bxc4 Rb8 15.Bg2 O-O
16.O-O-O c5 17.Nb3 Qc7 18.a4 a6 19.Qa3 Rfc8 20.Rd2 b5 21.axb5 axb5 22.Rc2 bxc4
23.Rxc4 Qb6 24.Kc2 Qb5 25.Nd2 Nd5 26.Bxd5 exd5 27.Rb1 Qe8 28.Rxb8 dxc4 29.Rxc8 cxd3+
30.exd3 Qxc8 31.f4 f6 32.Qc3 Bf7 33.f5 h6 34.Nc4 Qc6 35.Ne3 Qa4+ 36.Kd2 Qa2+
37.Qc2 Qa5+ 38.Ke2 Qb4 39.Qd2 Qb5 40.Qc3 Kh7 41.h4 Kg8 42.Kf2 Kh7 43.Nc4 Qb8
44.Ne3 Qf4+ 45.Ke2 Qh2+ 46.Kd1 Qg1+ 47.Qe1 Bb3+ 48.Kd2 Qh2+ 49.Kc3 Ba4 50.d4 cxd4+
51.Kxd4 Qe5+ 52.Kd3 Qb5+ 53.Kd4 Qe5+ 54.Kc4  1/2-1/2

[Event "Hoogovens-B"]
[Site "Wijk aan Zee"]
[Date "1994.??.??"]
[Round "3"]
[White "Reinderman, Dimitri"]
[Black "Hansen, Lars Bo"]
[Result "1/2-1/2"]
[WhiteElo "2430"]
[BlackElo "2545"]

1.c4 c6 2.e4 e5 3.Nf3 d6 4.d4 Nd7 5.Nc3 Ngf6 6.Be2 Be7 7.O-O O-O 8.Re1 a6
9.Rb1 b5 10.b4 Bb7 11.cxb5 cxb5 12.Bf1 Rc8 13.Bb2 Qe8 14.Ba1 Bd8 15.a4 bxa4
16.Qxa4 Ra8 17.Qb3 Bb6 18.Rbd1 Qb8 19.Bc4 exd4 20.Nxd4 Bxd4 21.Rxd4 a5 22.Nb5 Ne8
23.Red1 axb4 24.Bb2 Nc5 25.Qxb4 Bxe4 26.f3 Bg6 27.Qd2 Ne6 28.Rg4 Ra4 29.Qe2 d5
30.Bxd5 Nf4 31.Rxf4 Qxf4 32.Ba3 Rxa3 33.Nxa3 Nf6 34.Ba2 Qa4 35.Nb1 Re8 36.Qd2 h6
37.Nc3 Qa7+  1/2-1/2

[Event "Hoogovens-B"]
[Site "Wijk aan Zee"]
[Date "1994.??.??"]
[Round "8"]
[White "Winants, Luc"]
[Black "Hansen, Lars Bo"]
[Result "0-1"]
[WhiteElo "2495"]
[BlackElo "2545"]

1.c4 c6 2.e4 d5 3.cxd5 cxd5 4.exd5 Nf6 5.Nc3 Nxd5 6.Nf3 Nxc3 7.bxc3 g6 8.d4 Bg7
9.Bd3 Nc6 10.O-O O-O 11.Re1 Bg4 12.Be4 Rc8 13.Bg5 Qd7 14.h3 Bxf3 15.Qxf3 e6
16.Rad1 Na5 17.h4 f5 18.Bb1 Nc4 19.h5 Na3 20.hxg6 hxg6 21.Bf4 Nxb1 22.Rxb1 Rc6
23.Rbd1 Qd5 24.Qg3 Kf7 25.Be5 Rfc8 26.Rd3 Qd8 27.Red1 Qd5 28.Re1 b5 29.a3 a6
30.Rde3 a5 31.Bxg7 Kxg7 32.Re5 Qd6 33.d5 Rxc3 34.Qf4 Rc1 35.Rxc1 Rxc1+ 36.Qxc1 Qxe5
37.dxe6 Kf6 38.Qc6 Qe1+ 39.Kh2 Qxe6 40.Qxb5 Qe5+ 41.Qxe5+ Kxe5 42.Kg3 g5
43.f4+ gxf4+ 44.Kf2 Ke4 45.a4 Kd5 46.Ke2 Kd4 47.Kf3 Ke5 48.Ke2 Kf6 49.Kf3 Kg5
50.Ke2 Kg4 51.Kf2 f3 52.gxf3+ Kh3  0-1

[Event "CAN-op"]
[Site "Winnipeg"]
[Date "1994.??.??"]
[Round "2"]
[White "Petursson, Margeir"]
[Black "Schulz, Michael"]
[Result "1-0"]
[WhiteElo "2540"]
[BlackElo "2295"]

1.c4 c6 2.Nf3 Nf6 3.Nc3 d5 4.e3 e6 5.Be2 Be7 6.O-O O-O 7.Qc2 Nbd7 8.b3 Re8
9.Bb2 b6 10.cxd5 cxd5 11.Nb5 Ba6 12.Rfc1 Rc8 13.Qd1 Bxb5 14.Bxb5 Rf8 15.Nd4 Nb8
16.Rxc8 Qxc8 17.Rc1 Qb7 18.Qc2 Bc5 19.Nf3 Ne4 20.Bf1 Nc6 21.d3 Nb4 22.Qb1 Nf6
23.a3 Nc6 24.b4 Bd6 25.e4 dxe4 26.dxe4 Bf4 27.Re1 Rd8 28.g3 Bh6 29.Bg2 Qc7
30.Qc2 Ne8 31.Qb3 Qd7 32.Bf1 g6 33.Bb5 Qb7 34.Qa4 Rc8 35.Ba6  1-0

[Event "CAN-op"]
[Site "Winnipeg"]
[Date "1994.??.??"]
[Round "5"]
[White "Hodgson, Julian M"]
[Black "Finegold, Benjamin"]
[Result "0-1"]
[WhiteElo "2570"]
[BlackElo "2475"]

1.c4 c6 2.g3 d5 3.Bg2 Nf6 4.Nf3 Bg4 5.Ne5 Be6 6.cxd5 Bxd5 7.Nf3 g6 8.Nc3 Bg7
9.O-O O-O 10.Re1 Ne4 11.Qc2 Nxc3 12.bxc3 c5 13.e4 Be6 14.Rb1 Qc8 15.Qb2 b6
16.d4 cxd4 17.cxd4 Nc6 18.Be3 Qa6 19.Ng5 Qxa2 20.Nxe6 Qxe6 21.e5 Rac8 22.Qb5 Na5
23.Bd5 Qf5 24.Rbc1 Rxc1 25.Rxc1 Rc8 26.Kg2 Bf8 27.Re1 e6 28.Bf3 Nc4 29.Bf4 Na3
30.Qd7 Rc3 31.Be4 Qh5 32.d5 Nc2 33.dxe6 Nxe1+ 34.Kh1 Rc8 35.Qxc8 Qe2 36.exf7+ Kg7
37.Bh6+ Kxh6 38.Qxf8+ Kh5 39.Bxg6+ Kg5  0-1

[Event "CAN-op"]
[Site "Winnipeg"]
[Date "1994.??.??"]
[Round "9"]
[White "Petursson, Margeir"]
[Black "Finegold, Benjamin"]
[Result "1/2-1/2"]
[WhiteElo "2550"]
[BlackElo "2475"]

1.c4 c6 2.Nf3 d5 3.e3 Nf6 4.Nc3 g6 5.d4 Bg7 6.Be2 O-O 7.O-O dxc4 8.Bxc4 Bg4
9.Be2 c5 10.d5 e6 11.e4 exd5 12.exd5 Re8 13.Be3 Nbd7 14.h3 Bf5 15.Qd2 Ne4
16.Nxe4 Bxe4 17.Rad1 Nf6 18.d6 Qb6 19.Rc1 Nd5 20.Ng5 Nxe3 21.fxe3 Qxb2 22.Qxb2 Bxb2
23.Rxc5 Ba3 24.Rc7 Bxd6 25.Rd7 Bc5 26.Bc4 Bxe3+ 27.Kh2 Bf5 28.Rxf7 Bd3 29.Bxd3 Bxg5
30.Bc4 Kh8 31.Rxb7 Re7 32.Rxe7 Bxe7  1/2-1/2

[Event "CAN-op"]
[Site "Winnipeg"]
[Date "1994.??.??"]
[Round "9"]
[White "Hodgson, Julian M"]
[Black "Tukmakov, Vladimir B"]
[Result "0-1"]
[WhiteElo "2570"]
[BlackElo "2570"]

1.c4 c6 2.g3 d5 3.Nf3 Nf6 4.Bg2 Bg4 5.Ne5 Bh5 6.cxd5 Nxd5 7.d4 Nd7 8.Nd3 Qb6
9.Nc3 e6 10.Qa4 Bg6 11.e4 Nb4 12.Nf4 Qxd4 13.Be3 Nc5 14.Bxd4 Nxa4 15.O-O-O Nxc3
16.bxc3 Na6 17.h4 h6 18.Nxg6 fxg6 19.f4 Kf7 20.h5 Bc5 21.Bxg7 Kxg7 22.Rd7+ Kg8
23.hxg6 Be3+ 24.Kc2 Nc5 25.Re7 Rd8 26.Rd1 Rxd1 27.Kxd1 h5 28.Ke2 Bc1 29.Kd1 Be3
30.Ke2 Bc1 31.Kd1 Rh6 32.Kxc1 Rxg6 33.Bh3 Kf8 34.Rh7 Rxg3 35.Rxh5 Nd3+ 36.Kd2 Nxf4
37.Rh7 Nxh3 38.Rxb7 Ng5 39.Rb4  0-1